01286nam a22003377a 4500003000500000005001700005008004100022010001000063011001000073035001000083040000900093090001000102100004200112245013700154260003900291300001000330502009500340590003700435590004100472590004100513590004100554590004200595650003800637650004200675650002800717901000700745942001000752949004200762999001700804952012700821CHAP20250903062744.0971013s1984 r 00010 d a33138 a34110 a38226 cCHAP aTesis00aElizondo Braum, Jaime Roberto.936319 aEfecto de la frecuencia de corte sobre la producción de materia seca y digestibilidad in vitro en zacate guinea (Panicum maximum). aMonterrey, N.L. :bEl autor,c1984 a26 h. aTesis (Ing. Agr. Esp. en Zootecnia) -- ITESM. Div. de Ciencias Agropecuarias y Marítimas aALEPHb10c20130110lUCH01h1257 aBATCH-UPDb10c20130110lUCH01h1951 aBATCH-UPDb10c20130410lUCH01h1312 aBATCH-UPDb10c20130914lUCH01h1430 aCONVERSIONb10c20130109lUCH01h131917aForrajesxDigestibilidad294256814aMateria secaxDeterminación.97293414aPanicum maximum.985105 aBK cTESIS bBCcTESd-87366eTS1h17601i38226si c33138d33138 00102local4051708TESISaBCbBCcPA_TESISd2019-12-31fTESISl0oTesisp-87366r2019-12-31 00:00:00w2019-12-31yTESIS